00503nam a2200169Ia 450000500170000000800410001704000190005804100120007708200130008910000210010224501090012326000340023230000170026644000170028370000230030085000100032320230204095831.0131103s9999 xx 000 0 und d aLoreto College aEnglish a882bJOB aKallen,Horace M. 4aThe book of a job as a Greek tragedyb with essays cHorace M.Kallen; introduction by George Foote Moore aNew YorkbHill and Wangc1959 axxvi,165 p.  aA Drama Book aMoore,George Foote aLCLIB